| 000 | 00467nam a22001817a 4500 | ||
|---|---|---|---|
| 003 | CEME | ||
| 005 | 20210628204104.0 | ||
| 008 | 210107b xxu||||| |||| 00| 0 eng d | ||
| 020 | _a0007154402 | ||
| 040 | _cceme | ||
| 082 | _a823 SIN | ||
| 100 |
_aSinger, Nicky _968674 |
||
| 245 | _aFeather boy , you can do it. You can fly | ||
| 260 |
_aGREAT BRITAIN _bCOLLINS _c2002 |
||
| 300 | _a285P | ||
| 650 |
_aENGLISH LITERATURE-FEATHER BOY. _968675 |
||
| 942 |
_cBK _2ddc |
||
| 999 |
_c576179 _d576179 |
||